[Event "DVM U20w 2023"]
[Site "Magdeburg GER"]
[Date "2023.12.27"]
[Round "2"]
[White "Stauch, Amelie"]
[Black "Fock, Amina"]
[Result "0-1"]
[Termination "normal"]
[Board "3.1"]
[WhiteElo "910"]
[BlackElo "1865"]
[WhiteClock "01:02:02"]
[BlackClock "01:11:33"]
[WhiteTeam "SV Eintracht Tangerhütte"]
[BlackTeam "SC Kreuzberg"]
[PlyCount "104"]
[WhiteFideId "34675353"]
[BlackFideId "12981982"]
[EventCountry "GER"]
[EventRounds "7"]
[EventType "team-swiss"]
[EventDate "2023.12.26"]

1. b4 {[%clk 01:30:56]} {[%emt 00:00:03]} a5 {[%clk 01:30:43]} {[%emt
00:00:18]} 2. Ba3 {[%clk 01:30:23]} {[%emt 00:01:03]} axb4 {[%clk 01:30:17]}
{[%emt 00:00:56]} 3. Bxb4 {[%clk 01:30:40]} {[%emt 00:00:12]} Nc6 {[%clk
01:30:38]} {[%emt 00:00:10]} 4. a3 {[%clk 01:29:29]} {[%emt 00:01:41]} Nxb4
{[%clk 01:30:49]} {[%emt 00:00:19]} 5. c3 {[%clk 01:25:40]} {[%emt 00:04:19]}
Nc6 {[%clk 01:30:42]} {[%emt 00:00:37]} 6. Nf3 {[%clk 01:25:44]} {[%emt
00:00:25]} d5 {[%clk 01:30:46]} {[%emt 00:00:27]} 7. d4 {[%clk 01:25:36]}
{[%emt 00:00:37]} Nf6 {[%clk 01:30:57]} {[%emt 00:00:20]} 8. h3 {[%clk
01:24:35]} {[%emt 00:01:30]} Bf5 {[%clk 01:31:06]} {[%emt 00:00:21]} 9. Nbd2
{[%clk 01:24:28]} {[%emt 00:00:37]} e6 {[%clk 01:31:10]} {[%emt 00:00:26]} 10.
e3 {[%clk 01:24:34]} {[%emt 00:00:24]} Bd6 {[%clk 01:30:36]} {[%emt 00:01:04]}
11. Qb3 {[%clk 01:23:38]} {[%emt 00:01:26]} Na5 {[%clk 01:30:10]} {[%emt
00:00:57]} 12. Qb5+ {[%clk 01:21:34]} {[%emt 00:02:32]} c6 {[%clk 01:30:33]}
{[%emt 00:00:09]} 13. Qe2 {[%clk 01:21:57]} {[%emt 00:00:07]} b5 {[%clk
01:30:36]} {[%emt 00:00:26]} 14. g4 {[%clk 01:21:39]} {[%emt 00:00:49]} Bg6
{[%clk 01:30:31]} {[%emt 00:00:35]} 15. Bg2 {[%clk 01:21:35]} {[%emt 00:00:33]}
Ne4 {[%clk 01:29:39]} {[%emt 00:01:23]} 16. Nb1 {[%clk 01:16:22]} {[%emt
00:05:42]} Nc4 {[%clk 01:29:41]} {[%emt 00:00:28]} 17. O-O {[%clk 01:16:10]}
{[%emt 00:00:43]} O-O {[%clk 01:29:41]} {[%emt 00:00:29]} 18. Rc1 {[%clk
01:11:39]} {[%emt 00:05:02]} Nxa3 {[%clk 01:29:31]} {[%emt 00:00:40]} 19. Nxa3
{[%clk 01:11:04]} {[%emt 00:01:05]} Rxa3 {[%clk 01:29:51]} {[%emt 00:00:10]}
20. Qb2 {[%clk 01:09:45]} {[%emt 00:01:49]} Qe7 {[%clk 01:27:52]} {[%emt
00:02:28]} 21. Ne5 {[%clk 01:07:31]} {[%emt 00:02:45]} Rc8 {[%clk 01:26:52]}
{[%emt 00:01:29]} 22. f4 {[%clk 01:02:51]} {[%emt 00:05:10]} f6 {[%clk
01:26:17]} {[%emt 00:01:05]} 23. Nxg6 {[%clk 01:02:29]} {[%emt 00:00:52]} hxg6
{[%clk 01:26:42]} {[%emt 00:00:06]} 24. Bxe4 {[%clk 01:00:36]} {[%emt
00:02:22]} dxe4 {[%clk 01:27:05]} {[%emt 00:00:07]} 25. Ra2 {[%clk 00:59:18]}
{[%emt 00:01:48]} Rca8 {[%clk 01:26:26]} {[%emt 00:01:09]} 26. Rca1 {[%emt
00:00:35]} Qa7 {[%clk 01:26:27]} {[%emt 00:00:14]} 27. Rxa3 {[%clk 00:59:14]}
{[%emt 00:00:45]} Bxa3 {[%clk 01:26:48]} {[%emt 00:00:08]} 28. Qb3 {[%clk
00:59:27]} {[%emt 00:00:16]} Qe7 {[%clk 01:24:41]} {[%emt 00:02:39]} 29. c4
{[%emt 00:00:48]} b4 {[%emt 00:01:17]} 30. d5 {[%clk 00:58:55]} {[%emt
00:00:18]} cxd5 {[%clk 01:18:23]} {[%emt 00:06:26]} 31. cxd5 {[%clk 00:59:10]}
{[%emt 00:00:15]} Rc8 {[%clk 01:16:51]} {[%emt 00:02:02]} 32. dxe6 {[%clk
00:58:43]} {[%emt 00:00:57]} Rc3 {[%emt 00:02:18]} 33. Qd5 {[%emt 00:09:22]}
Qa7 {[%clk 01:06:13]} {[%emt 00:00:28]} 34. Re1 {[%emt 00:02:02]} Rxe3 {[%clk
01:05:23]} {[%emt 00:01:09]} 35. Rxe3 {[%clk 00:57:43]} Qxe3+ {[%clk 01:05:44]}
{[%emt 00:00:18]} 36. Kf1 {[%clk 00:57:51]} {[%emt 00:00:22]} Qd3+ {[%clk
01:06:00]} {[%emt 00:00:14]} 37. Qxd3 {[%clk 00:58:05]} {[%emt 00:00:17]} exd3
{[%clk 01:06:25]} {[%emt 00:00:05]} 38. Ke1 {[%clk 00:58:28]} b3 {[%clk
01:06:25]} 39. Kd2 {[%clk 00:58:28]} b2 {[%clk 01:06:25]} 40. Kxd3 {[%clk
00:58:28]} b1=Q+ {[%clk 01:07:30]} {[%emt 00:01:08]} 41. Kd4 {[%clk 00:59:05]}
Kf8 {[%clk 01:07:30]} 42. f5 {[%clk 00:59:05]} gxf5 {[%clk 01:08:08]} {[%emt
00:00:51]} 43. gxf5 {[%clk 00:59:37]} {[%emt 00:00:14]} Qxf5 {[%clk 01:08:33]}
{[%emt 00:00:06]} 44. h4 {[%clk 01:00:00]} {[%emt 00:00:08]} Qe5+ {[%clk
01:08:56]} {[%emt 00:00:07]} 45. Kc4 {[%clk 01:00:21]} {[%emt 00:00:09]} f5
{[%clk 01:09:14]} {[%emt 00:00:12]} 46. Kb3 {[%clk 01:00:46]} {[%emt 00:00:05]}
f4 {[%clk 01:09:33]} {[%emt 00:00:11]} 47. Kxa3 {[%clk 01:01:07]} {[%emt
00:00:08]} f3 {[%clk 01:09:59]} {[%emt 00:00:04]} 48. Kb3 {[%clk 01:01:05]}
{[%emt 00:00:33]} f2 {[%clk 01:10:24]} {[%emt 00:00:04]} 49. Kc2 {[%clk
01:01:31]} {[%emt 00:00:04]} f1=Q {[%clk 01:10:45]} {[%emt 00:00:09]} 50. Kd2
{[%clk 01:01:47]} {[%emt 00:00:15]} Qd4+ {[%clk 01:11:08]} {[%emt 00:00:06]}
51. Kc2 {[%clk 01:02:02]} {[%emt 00:00:16]} Qfd3+ {[%clk 01:11:33]} 52. Kc1
{[%clk 01:02:02]} Q4c3# {[%clk 01:11:33]} 0-1

[Event "DVM U20w 2023"]
[Site "Magdeburg GER"]
[Date "2023.12.27"]
[Round "2"]
[White "Mazurtsova, Margarita"]
[Black "Kasten, Luna Seraphine"]
[Result "1-0"]
[Termination "normal"]
[Board "3.2"]
[WhiteElo "1682"]
[BlackElo "754"]
[WhiteClock "01:31:27"]
[BlackClock "01:11:38"]
[WhiteTeam "SC Kreuzberg"]
[BlackTeam "SV Eintracht Tangerhütte"]
[PlyCount "75"]
[WhiteFideId "14188961"]
[BlackFideId "34681639"]
[EventCountry "GER"]
[EventRounds "7"]
[EventType "team-swiss"]
[EventDate "2023.12.26"]

1. c4 {[%clk 01:30:55]} {[%emt 00:00:04]} Nc6 {[%clk 01:30:16]} {[%emt
00:00:44]} 2. Nc3 {[%clk 01:31:11]} {[%emt 00:00:13]} e6 {[%clk 01:30:06]}
{[%emt 00:00:40]} 3. g3 {[%clk 01:31:32]} {[%emt 00:00:10]} Bc5 {[%clk
01:30:01]} {[%emt 00:00:35]} 4. Nf3 {[%clk 01:31:43]} {[%emt 00:00:19]} Nf6
{[%clk 01:29:53]} {[%emt 00:00:38]} 5. Bg2 {[%clk 01:32:03]} {[%emt 00:00:09]}
d5 {[%clk 01:29:48]} {[%emt 00:00:36]} 6. cxd5 {[%clk 01:32:10]} {[%emt
00:00:23]} exd5 {[%clk 01:29:57]} {[%emt 00:00:21]} 7. d4 {[%clk 01:32:27]}
{[%emt 00:00:12]} Bg4 {[%clk 01:29:55]} {[%emt 00:00:34]} 8. dxc5 {[%clk
01:32:26]} {[%emt 00:00:29]} O-O {[%clk 01:29:41]} {[%emt 00:00:45]} 9. O-O
{[%clk 01:32:45]} {[%emt 00:00:11]} Qe7 {[%clk 01:28:53]} {[%emt 00:01:17]} 10.
Bg5 {[%clk 01:32:09]} {[%emt 00:01:07]} h6 {[%clk 01:29:03]} {[%emt 00:00:21]}
11. Bxf6 {[%clk 01:32:28]} {[%emt 00:00:10]} Qxf6 {[%clk 01:29:00]} {[%emt
00:00:33]} 12. h3 {[%clk 01:32:36]} {[%emt 00:00:20]} Bh5 {[%clk 01:28:30]}
{[%emt 00:01:01]} 13. Qxd5 {[%clk 01:32:16]} {[%emt 00:00:51]} Bg6 {[%clk
01:28:30]} {[%emt 00:00:27]} 14. Qb3 {[%clk 01:31:36]} {[%emt 00:01:11]} Qe7
{[%clk 01:27:46]} {[%emt 00:01:11]} 15. Qxb7 {[%clk 01:31:19]} {[%emt
00:00:51]} Qd7 {[%clk 01:27:32]} {[%emt 00:00:45]} 16. Rfd1 {[%clk 01:31:00]}
{[%emt 00:00:48]} Na5 {[%clk 01:26:43]} {[%emt 00:01:20]} 17. Qa6 {[%clk
01:30:20]} {[%emt 00:01:07]} Qc8 {[%clk 01:25:16]} {[%emt 00:01:59]} 18. Qxa5
{[%clk 01:30:39]} {[%emt 00:00:11]} Bc2 {[%clk 01:25:08]} {[%emt 00:00:38]} 19.
Rd2 {[%clk 01:30:53]} {[%emt 00:00:15]} Bf5 {[%clk 01:24:46]} {[%emt 00:00:52]}
20. g4 {[%clk 01:30:54]} {[%emt 00:00:32]} Bd7 {[%clk 01:23:36]} {[%emt
00:01:39]} 21. Ne5 {[%clk 01:31:04]} {[%emt 00:00:20]} Be8 {[%clk 01:21:52]}
{[%emt 00:02:12]} 22. Bxa8 {[%clk 01:31:09]} {[%emt 00:00:26]} Qxa8 {[%emt
00:01:51]} 23. Nd7 {[%emt 00:00:22]} Bxd7 {[%clk 01:19:43]} {[%emt 00:00:28]}
24. Rxd7 {[%clk 01:31:29]} {[%emt 00:00:09]} c6 {[%clk 01:18:59]} {[%emt
00:01:14]} 25. Qxa7 {[%clk 01:31:00]} {[%emt 00:00:58]} Qe8 {[%clk 01:18:28]}
{[%emt 00:00:59]} 26. Re7 {[%clk 01:31:06]} {[%emt 00:00:26]} Qd8 {[%clk
01:18:20]} {[%emt 00:00:38]} 27. Rd1 {[%clk 01:31:19]} {[%emt 00:00:17]} Qc8
{[%clk 01:18:23]} {[%emt 00:00:27]} 28. Rdd7 {[%clk 01:31:37]} {[%emt
00:00:12]} Kh7 {[%clk 01:17:25]} {[%emt 00:01:29]} 29. Rxf7 {[%clk 01:31:56]}
{[%emt 00:00:11]} Kg6 {[%clk 01:16:39]} {[%emt 00:01:16]} 30. Rxg7+ {[%clk
01:32:04]} {[%emt 00:00:22]} Kf6 {[%clk 01:16:30]} {[%emt 00:00:39]} 31. Rdf7+
{[%clk 01:32:08]} {[%emt 00:00:25]} Rxf7 {[%clk 01:16:25]} {[%emt 00:00:36]}
32. Qxf7+ {[%clk 01:32:25]} {[%emt 00:00:13]} Ke5 {[%emt 00:00:24]} 33. Rg6
{[%emt 00:00:51]} Kd4 {[%clk 01:13:04]} {[%emt 00:02:36]} 34. Qf4+ {[%clk
01:31:05]} {[%emt 00:01:48]} Kxc5 {[%clk 01:12:31]} {[%emt 00:01:06]} 35. Qd6+
{[%clk 01:31:14]} {[%emt 00:00:20]} Kb6 {[%clk 01:12:49]} {[%emt 00:00:12]} 36.
Nd5+ {[%clk 01:31:27]} {[%emt 00:00:16]} Kb7 {[%clk 01:11:38]} {[%emt
00:00:57]} 37. Rg7+ Ka8 38. Nb6# 1-0

[Event "DVM U20w 2023"]
[Site "Magdeburg GER"]
[Date "2023.12.27"]
[Round "2"]
[White "Quauck, Isabell"]
[Black "Komar, Valerie"]
[Result "0-1"]
[Termination "normal"]
[Board "3.3"]
[WhiteElo "931"]
[BlackElo "1386"]
[WhiteClock "01:25:32"]
[BlackClock "01:16:39"]
[WhiteTeam "SV Eintracht Tangerhütte"]
[BlackTeam "SC Kreuzberg"]
[PlyCount "106"]
[WhiteFideId "34665390"]
[BlackFideId "34139664"]
[EventCountry "GER"]
[EventRounds "7"]
[EventType "team-swiss"]
[EventDate "2023.12.26"]

1. b4 {[%clk 01:30:58]} {[%emt 00:00:02]} e5 {[%clk 01:29:15]} {[%emt
00:01:45]} 2. Bb2 {[%clk 01:30:52]} {[%emt 00:00:36]} d6 {[%clk 01:29:38]}
{[%emt 00:00:07]} 3. e4 {[%clk 01:30:53]} {[%emt 00:00:30]} Nf6 {[%clk
01:30:01]} {[%emt 00:00:06]} 4. d3 {[%clk 01:30:48]} {[%emt 00:00:35]} Be7
{[%clk 01:29:42]} {[%emt 00:00:50]} 5. Nf3 {[%clk 01:29:54]} {[%emt 00:01:24]}
Be6 {[%clk 01:28:12]} {[%emt 00:01:59]} 6. d4 {[%clk 01:29:01]} {[%emt
00:01:23]} Nxe4 {[%clk 01:18:33]} {[%emt 00:10:09]} 7. dxe5 {[%clk 01:28:17]}
{[%emt 00:01:14]} d5 {[%clk 01:18:26]} {[%emt 00:00:38]} 8. Bd3 {[%clk
01:28:12]} {[%emt 00:00:34]} Bxb4+ {[%clk 01:15:18]} {[%emt 00:03:39]} 9. c3
{[%clk 01:27:42]} {[%emt 00:00:59]} Be7 {[%clk 01:15:16]} {[%emt 00:00:32]} 10.
Bxe4 {[%clk 01:27:04]} {[%emt 00:01:09]} dxe4 {[%clk 01:15:28]} {[%emt
00:00:18]} 11. Qxd8+ {[%clk 01:27:19]} {[%emt 00:00:15]} Bxd8 {[%clk 01:15:49]}
{[%emt 00:00:08]} 12. Nfd2 {[%clk 01:27:26]} {[%emt 00:00:22]} Nc6 {[%clk
01:13:53]} {[%emt 00:02:27]} 13. Nxe4 {[%clk 01:27:05]} {[%emt 00:00:50]} Nxe5
{[%clk 01:14:16]} {[%emt 00:00:08]} 14. Nc5 {[%clk 01:25:39]} {[%emt 00:01:55]}
Bc4 {[%clk 01:13:44]} {[%emt 00:01:04]} 15. Nd2 {[%clk 01:24:50]} {[%emt
00:01:18]} b6 {[%clk 01:13:50]} {[%emt 00:00:25]} 16. Nb7 {[%clk 01:24:37]}
{[%emt 00:00:43]} Nd3+ {[%clk 01:13:57]} {[%emt 00:00:23]} 17. Kd1 {[%clk
01:24:45]} {[%emt 00:00:21]} Nxf2+ {[%clk 01:14:04]} {[%emt 00:00:24]} 18. Kc1
{[%clk 01:24:40]} {[%emt 00:00:33]} Nxh1 {[%clk 01:14:11]} {[%emt 00:00:23]}
19. Nxd8 {[%clk 01:24:55]} {[%emt 00:00:16]} Rxd8 {[%clk 01:14:30]} {[%emt
00:00:11]} 20. Nxc4 {[%clk 01:25:11]} {[%emt 00:00:14]} Nf2 {[%clk 01:14:50]}
{[%emt 00:00:09]} 21. Ne5 {[%clk 01:24:42]} {[%emt 00:00:59]} Rd1+ {[%clk
01:14:10]} {[%emt 00:01:11]} 22. Kc2 {[%clk 01:24:54]} {[%emt 00:00:18]} Rxa1
{[%clk 01:14:22]} {[%emt 00:00:19]} 23. Bxa1 {[%clk 01:25:07]} {[%emt
00:00:15]} f6 {[%clk 01:13:12]} {[%emt 00:01:42]} 24. Nc6 {[%clk 01:25:14]}
{[%emt 00:00:23]} a5 {[%clk 01:13:22]} {[%emt 00:00:20]} 25. c4 {[%clk
01:24:39]} {[%emt 00:01:05]} Ng4 {[%clk 01:13:19]} {[%emt 00:00:30]} 26. h3
{[%clk 01:24:33]} {[%emt 00:00:38]} Ne3+ {[%clk 01:13:38]} {[%emt 00:00:12]}
27. Kd3 {[%clk 01:24:45]} {[%emt 00:00:16]} Nxg2 {[%clk 01:13:48]} {[%emt
00:00:21]} 28. c5 {[%clk 01:23:34]} {[%emt 00:01:41]} Kd7 {[%clk 01:13:44]}
{[%emt 00:00:34]} 29. Nd4 {[%clk 01:23:20]} {[%emt 00:00:45]} bxc5 {[%clk
01:13:47]} {[%emt 00:00:27]} 30. Nb3 {[%clk 01:23:33]} {[%emt 00:00:16]} Kc6
{[%clk 01:13:40]} {[%emt 00:00:36]} 31. Nxa5+ {[%clk 01:23:43]} {[%emt
00:00:21]} Kb5 {[%clk 01:13:17]} {[%emt 00:00:53]} 32. Nb3 {[%clk 01:23:39]}
{[%emt 00:00:34]} c4+ {[%clk 01:13:41]} {[%emt 00:00:06]} 33. Kc3 {[%clk
01:23:43]} {[%emt 00:00:26]} cxb3 {[%clk 01:13:56]} {[%emt 00:00:16]} 34. Kxb3
{[%clk 01:23:43]} {[%emt 00:00:28]} Re8 {[%clk 01:13:42]} {[%emt 00:00:45]} 35.
a4+ {[%clk 01:24:03]} {[%emt 00:00:11]} Kc5 {[%clk 01:13:56]} {[%emt 00:00:15]}
36. a5 {[%clk 01:24:02]} {[%emt 00:00:31]} Nf4 {[%clk 01:13:58]} {[%emt
00:00:27]} 37. h4 {[%clk 01:23:52]} {[%emt 00:00:40]} Nd5 {[%clk 01:14:14]}
{[%emt 00:00:15]} 38. h5 {[%clk 01:23:24]} {[%emt 00:00:58]} Rb8+ {[%clk
01:13:45]} {[%emt 00:01:00]} 39. Ka2 {[%clk 01:23:33]} {[%emt 00:00:21]} Nb4+
{[%clk 01:13:49]} {[%emt 00:00:26]} 40. Ka3 {[%clk 01:23:47]} {[%emt 00:00:15]}
Nc2+ {[%clk 01:13:57]} {[%emt 00:00:22]} 41. Ka2 {[%clk 01:23:52]} {[%emt
00:00:24]} Nxa1 {[%clk 01:14:13]} {[%emt 00:00:16]} 42. Kxa1 {[%clk 01:24:08]}
{[%emt 00:00:13]} Kc4 {[%clk 01:14:25]} {[%emt 00:00:18]} 43. Ka2 {[%clk
01:24:27]} {[%emt 00:00:11]} Rb5 {[%clk 01:14:36]} {[%emt 00:00:19]} 44. a6
{[%clk 01:24:38]} {[%emt 00:00:20]} Ra5+ {[%clk 01:14:42]} {[%emt 00:00:23]}
45. Kb2 {[%clk 01:25:00]} {[%emt 00:00:07]} Kb4 {[%clk 01:14:56]} {[%emt
00:00:16]} 46. Kb1 {[%clk 01:25:16]} {[%emt 00:00:13]} Rxa6 {[%clk 01:14:57]}
{[%emt 00:00:31]} 47. h6 {[%clk 01:25:25]} {[%emt 00:00:21]} g5 {[%clk
01:15:19]} {[%emt 00:00:08]} 48. Kc1 {[%clk 01:25:02]} {[%emt 00:00:53]} Ra2
{[%clk 01:15:06]} {[%emt 00:00:44]} 49. Kb1 {[%clk 01:25:11]} {[%emt 00:00:20]}
Kb3 {[%clk 01:15:18]} {[%emt 00:00:18]} 50. Kc1 {[%clk 01:25:04]} {[%emt
00:00:37]} g4 {[%clk 01:15:31]} {[%emt 00:00:18]} 51. Kb1 {[%clk 01:25:16]}
{[%emt 00:00:18]} g3 {[%clk 01:15:56]} {[%emt 00:00:05]} 52. Kc1 {[%clk
01:25:26]} {[%emt 00:00:20]} g2 {[%clk 01:16:15]} {[%emt 00:00:11]} 53. Kd1
{[%clk 01:25:32]} {[%emt 00:00:24]} g1=Q# {[%clk 01:16:39]} {[%emt 00:00:06]}
0-1

[Event "DVM U20w 2023"]
[Site "Magdeburg GER"]
[Date "2023.12.27"]
[Round "2"]
[White "Klahold, Rona"]
[Black "Wilmink, Anna"]
[Result "0-1"]
[Termination "normal"]
[Board "4.1"]
[WhiteElo "1603"]
[BlackElo "1826"]
[WhiteClock "00:00:48"]
[BlackClock "00:01:30"]
[WhiteTeam "SC Porta Westfalica 1950"]
[BlackTeam "SK Nordhorn-Blanke"]
[PlyCount "80"]
[WhiteFideId "16222970"]
[BlackFideId "16273680"]
[EventCountry "GER"]
[EventRounds "7"]
[EventType "team-swiss"]
[EventDate "2023.12.26"]

1. e4 {[%clk 01:30:57]} {[%emt 00:00:02]} c5 {[%clk 01:30:34]} {[%emt
00:00:27]} 2. c3 {[%clk 01:30:11]} {[%emt 00:01:16]} e6 {[%clk 01:28:30]}
{[%emt 00:02:33]} 3. d4 {[%clk 01:28:35]} {[%emt 00:02:06]} d5 {[%clk
01:27:47]} {[%emt 00:01:13]} 4. exd5 {[%clk 01:26:32]} {[%emt 00:02:34]} exd5
{[%clk 01:23:56]} {[%emt 00:04:22]} 5. Nf3 {[%clk 01:25:12]} {[%emt 00:01:49]}
Nf6 {[%clk 01:18:41]} {[%emt 00:05:46]} 6. Nbd2 {[%clk 01:22:47]} {[%emt
00:02:53]} Nc6 {[%clk 01:07:13]} {[%emt 00:11:58]} 7. dxc5 {[%clk 01:14:25]}
{[%emt 00:08:53]} Bxc5 {[%clk 01:07:22]} {[%emt 00:00:21]} 8. Nb3 {[%clk
01:13:59]} {[%emt 00:00:56]} Bb6 {[%clk 01:05:48]} {[%emt 00:02:04]} 9. Be2
{[%clk 01:09:29]} {[%emt 00:05:00]} O-O {[%clk 01:03:34]} {[%emt 00:02:44]} 10.
O-O {[%clk 01:09:00]} {[%emt 00:00:59]} Qd6 {[%clk 01:00:43]} {[%emt 00:03:21]}
11. Nbd4 {[%clk 01:05:53]} {[%emt 00:03:36]} Nxd4 {[%clk 01:00:14]} {[%emt
00:01:00]} 12. Nxd4 {[%clk 01:04:26]} {[%emt 00:01:57]} a6 {[%clk 00:54:09]}
{[%emt 00:06:35]} 13. Re1 {[%clk 00:58:35]} {[%emt 00:06:21]} Re8 {[%clk
00:50:33]} {[%emt 00:04:06]} 14. Be3 {[%clk 00:52:00]} {[%emt 00:07:05]} Ne4
{[%clk 00:45:14]} {[%emt 00:05:49]} 15. Bf3 {[%clk 00:45:47]} {[%emt 00:06:42]}
Bc7 {[%clk 00:42:21]} {[%emt 00:03:24]} 16. g3 {[%clk 00:45:06]} {[%emt
00:01:11]} Qg6 {[%clk 00:35:40]} {[%emt 00:07:11]} 17. Ne2 {[%clk 00:40:11]}
{[%emt 00:05:25]} Qf5 {[%clk 00:26:09]} {[%emt 00:10:01]} 18. Nf4 {[%clk
00:37:21]} {[%emt 00:03:19]} Rd8 {[%clk 00:19:55]} {[%emt 00:06:45]} 19. Bg2
{[%clk 00:30:36]} {[%emt 00:07:14]} Nf6 {[%clk 00:16:10]} {[%emt 00:04:17]} 20.
Qb3 {[%clk 00:23:00]} {[%emt 00:08:06]} b5 {[%clk 00:13:27]} {[%emt 00:03:12]}
21. Rad1 {[%clk 00:18:29]} {[%emt 00:05:02]} Bb7 {[%clk 00:12:05]} {[%emt
00:01:52]} 22. Bh3 {[%clk 00:13:55]} {[%emt 00:05:03]} Qe5 {[%clk 00:09:14]}
{[%emt 00:03:21]} 23. Bd4 {[%clk 00:10:44]} {[%emt 00:03:40]} Qg5 {[%clk
00:06:54]} {[%emt 00:02:50]} 24. Bxf6 {[%clk 00:09:04]} {[%emt 00:02:11]} gxf6
{[%clk 00:05:32]} {[%emt 00:01:52]} 25. Bg2 {[%clk 00:08:54]} {[%emt 00:00:40]}
Bxf4 {[%clk 00:03:58]} {[%emt 00:02:05]} 26. gxf4 {[%clk 00:08:17]} {[%emt
00:01:06]} Qxf4 {[%clk 00:03:24]} {[%emt 00:01:04]} 27. Re3 {[%clk 00:02:20]}
{[%emt 00:06:27]} Kh8 {[%clk 00:02:37]} {[%emt 00:01:17]} 28. Bxd5 {[%clk
00:01:04]} {[%emt 00:01:46]} Qg5+ {[%clk 00:01:32]} {[%emt 00:01:35]} 29. Rg3
{[%clk 00:01:19]} {[%emt 00:00:16]} Qh5 {[%clk 00:01:33]} {[%emt 00:00:28]} 30.
Rgd3 {[%clk 00:00:36]} {[%emt 00:01:12]} Bxd5 {[%clk 00:01:18]} {[%emt
00:00:46]} 31. Rxd5 {[%clk 00:00:48]} {[%emt 00:00:18]} Rg8+ {[%clk 00:01:04]}
{[%emt 00:00:44]} 32. Kf1 {[%clk 00:01:12]} {[%emt 00:00:07]} Qh3+ {[%clk
00:00:50]} {[%emt 00:00:43]} 33. Ke2 {[%clk 00:01:20]} {[%emt 00:00:22]} Rge8+
{[%clk 00:00:50]} {[%emt 00:00:30]} 34. Kd2 {[%clk 00:01:13]} {[%emt 00:00:37]}
Qxh2 {[%clk 00:00:49]} {[%emt 00:00:32]} 35. Kc1 {[%clk 00:00:48]} {[%emt
00:00:55]} Qxf2 {[%clk 00:00:41]} {[%emt 00:00:37]} 36. R5d2 {[%clk 00:01:01]}
{[%emt 00:00:17]} Qf4 {[%clk 00:00:43]} {[%emt 00:00:28]} 37. Qxf7 {[%clk
00:01:01]} {[%emt 00:00:30]} Red8 {[%clk 00:00:47]} {[%emt 00:00:27]} 38. Kc2
{[%clk 00:00:52]} {[%emt 00:00:39]} Rxd2+ {[%clk 00:01:02]} {[%emt 00:00:15]}
39. Rxd2 {[%clk 00:01:21]} Qe4+ {[%clk 00:01:09]} {[%emt 00:00:23]} 40. Kb3
{[%clk 00:00:48]} {[%emt 00:01:03]} Qa4# {[%clk 00:01:30]} {[%emt 00:00:10]}
0-1

[Event "DVM U20w 2023"]
[Site "Magdeburg GER"]
[Date "2023.12.27"]
[Round "2"]
[White "Garbuz, Nicole"]
[Black "Duchstein, Anna"]
[Result "1-0"]
[Termination "normal"]
[Board "4.2"]
[WhiteElo "1847"]
[BlackElo "1536"]
[WhiteClock "00:08:51"]
[BlackClock "01:09:06"]
[WhiteTeam "SK Nordhorn-Blanke"]
[BlackTeam "SC Porta Westfalica 1950"]
[PlyCount "45"]
[WhiteFideId "12990701"]
[BlackFideId "16261372"]
[EventCountry "GER"]
[EventRounds "7"]
[EventType "team-swiss"]
[EventDate "2023.12.26"]

1. e4 {[%clk 01:30:58]} d6 {[%clk 01:30:53]} {[%emt 00:00:08]} 2. d4 {[%clk
01:31:21]} {[%emt 00:00:07]} Nf6 {[%clk 01:31:14]} {[%emt 00:00:10]} 3. Nc3
{[%clk 01:31:27]} {[%emt 00:00:23]} Nbd7 {[%clk 01:31:39]} {[%emt 00:00:06]} 4.
g4 {[%clk 01:30:48]} {[%emt 00:01:08]} h6 {[%clk 01:31:31]} {[%emt 00:00:38]}
5. h3 {[%clk 01:31:11]} {[%emt 00:00:08]} e5 {[%clk 01:31:49]} {[%emt
00:00:11]} 6. Nge2 {[%clk 01:26:19]} {[%emt 00:05:22]} Be7 {[%clk 01:31:10]}
{[%emt 00:01:09]} 7. Bg2 {[%clk 01:25:58]} {[%emt 00:00:51]} Nf8 {[%clk
01:30:51]} {[%emt 00:00:49]} 8. Be3 {[%clk 01:20:57]} {[%emt 00:05:31]} Ng6
{[%clk 01:30:57]} {[%emt 00:00:24]} 9. Rg1 {[%clk 00:56:10]} {[%emt 00:25:17]}
Nh4 {[%clk 01:28:06]} {[%emt 00:03:20]} 10. Ng3 {[%clk 00:50:17]} {[%emt
00:06:24]} Nxg2+ {[%clk 01:24:20]} {[%emt 00:04:16]} 11. Rxg2 {[%clk 00:50:42]}
{[%emt 00:00:06]} Bd7 {[%clk 01:21:25]} {[%emt 00:03:23]} 12. Qe2 {[%clk
00:44:44]} {[%emt 00:06:29]} a6 {[%clk 01:20:37]} {[%emt 00:01:17]} 13. O-O-O
{[%clk 00:43:24]} {[%emt 00:01:50]} b5 {[%clk 01:18:44]} {[%emt 00:02:23]} 14.
f4 {[%clk 00:34:34]} {[%emt 00:09:21]} b4 {[%clk 01:17:14]} {[%emt 00:02:00]}
15. Nb1 {[%clk 00:34:25]} {[%emt 00:00:39]} exf4 {[%clk 01:15:43]} {[%emt
00:02:01]} 16. Bxf4 {[%clk 00:34:43]} {[%emt 00:00:12]} O-O {[%clk 01:14:57]}
{[%emt 00:01:16]} 17. Nf5 {[%clk 00:23:26]} {[%emt 00:11:46]} Bxf5 {[%clk
01:14:17]} {[%emt 00:01:11]} 18. gxf5 {[%clk 00:22:17]} {[%emt 00:01:39]} Kh7
{[%clk 01:13:52]} {[%emt 00:00:55]} 19. Nd2 {[%clk 00:17:15]} {[%emt 00:05:32]}
a5 {[%clk 01:12:26]} {[%emt 00:01:55]} 20. Rdg1 {[%clk 00:12:09]} {[%emt
00:05:37]} Rg8 {[%clk 01:11:35]} {[%emt 00:01:20]} 21. e5 {[%clk 00:08:56]}
{[%emt 00:03:43]} Nd5 {[%clk 01:09:21]} {[%emt 00:02:45]} 22. Bxh6 {[%clk
00:08:34]} {[%emt 00:00:52]} Kxh6 {[%clk 01:09:06]} {[%emt 00:00:45]} 23. Rg6+
{[%clk 00:08:51]} {[%emt 00:00:12]} 1-0